书目信息 |
| 题名: |
公司财务
|
|
| 作者: | 兰登 , 博纳姆 著 ;徐笑春 , 唐海东 译 | |
| 分册: | ||
| 出版信息: | 上海 上海远东出版社 2002.01 |
|
| 页数: | 305页 | |
| 开本: | 21cm | |
| 丛书名: | Smart 经理人系列 | |
| 单 册: | ||
| 中图分类: | F276.6 | |
| 科图分类: | ||
| 主题词: | 公司--财务管理 , 财务管理 | |
| 电子资源: | ||
| ISBN: | 7-80661-659-4 | |
| 000 | 00914nam2 2200301 45 | |
| 001 | 012004000000 | |
| 005 | 20041025102334.53 | |
| 010 | @a7-80661-659-4@dCNY 28.00 | |
| 100 | @a20040915d2002 em y0chiy0121 ea | |
| 101 | 1 | @achi@ceng |
| 102 | @aCN@b310000 | |
| 105 | @aak z 000yy | |
| 200 | 1 | @a公司财务@Agong si cai wu@dBusiness finance@f(英)肯·兰登, (英)艾伦·博纳姆著@g徐笑春, 唐海东译@zeng |
| 210 | @a上海@c上海远东出版社@d2002.01 | |
| 215 | @a305页@c图, 表格@d21cm | |
| 225 | 2 | @aSmart 经理人系列 |
| 320 | @a本书含附录 | |
| 410 | 0 | @12001 @aSmart 经理人系列 |
| 510 | 1 | @aBusiness finance@zeng |
| 606 | 0 | @a公司@x财务管理 |
| 606 | 0 | @a财务管理 |
| 690 | @aF276.6@v4 | |
| 701 | 1 | @a兰登@Alan deng@b肯@4著 |
| 701 | 1 | @a博纳姆@Abo na mu@b艾伦@4著 |
| 702 | 0 | @a徐笑春@Axu xiao chun@4译 |
| 702 | 0 | @a唐海东@Atang hai dong@4译 |
| 801 | 0 | @aCN@bQSSKl@c20041025 |
| 905 | @a10447@dF276.6@eK712 | |
| 公司财务=Business finance/(英)肯·兰登, (英)艾伦·博纳姆著/徐笑春, 唐海东译.-上海:上海远东出版社,2002.01 |
| 305页:图, 表格;21cm.-(Smart 经理人系列) |
| ISBN 7-80661-659-4:CNY 28.00 |
| ● |
| 相关链接 |
|
|
|
正题名:公司财务
索取号:F276.6/K712
 
预约/预借
| 序号 | 登录号 | 条形码 | 馆藏地/架位号 | 状态 | 备注 |
| 1 | 422226 | 204222260 | 管理学院资料室/ [索取号:F276.6/K712] | 在馆 | |
| 2 | 422227 | 204222279 | 管理学院资料室/ [索取号:F276.6/K712] | 在馆 | |
| 3 | 422228 | 204222288 | 管理学院资料室/ [索取号:F276.6/K712] | 在馆 |